Comunismo, mística humana / (Record no. 65107)

MARC details
000 -LEADER
campo de control de longitud fija 00718nam a2200217 i 4500
001 - NÚMERO DE CONTROL
campo de control 65107
003 - IDENTIFICADOR DE NÚMERO DE CONTROL
campo de control ES-MaACL
005 - FECHA Y HORA DE LA ÚLTIMA TRANSACCIÓN
campo de control 20250727033920.0
007 - CAMPO FIJO DE DESCRIPCIÓN FÍSICA--INFORMACIÓN GENERAL
campo de control de longitud fija t|
008 - DATOS DE LONGITUD FIJA--INFORMACIÓN GENERAL
campo de control de longitud fija 040108s1952 sp ||||1| spa d
100 1# - ENTRADA PRINCIPAL--NOMBRE DE PERSONA
Nombre de persona Fraigneux, Maurice.
9 (RLIN) 52097
245 10 - MENCIÓN DEL TÍTULO
Título Comunismo, mística humana /
Mención de responsabilidad, etc. Maurice Fraigneux ; prólogo del Conde Carton de Wiart.
260 ## - PUBLICACIÓN, DISTRIBUCIÓN, ETC.
Lugar de publicación, distribución, etc. Madrid :
Nombre del editor, distribuidor, etc. Atenas,
Fecha de publicación, distribución, etc. [1952] (
Fabricante Halar)
300 ## - DESCRIPCIÓN FÍSICA
Extensión 397 p. ;
Dimensiones 22 cm.
490 1# - MENCIÓN DE SERIE
Mención de serie Razonemos nuestra fé. Serie II ;
Designación de volumen o secuencia 1
650 #7 - PUNTO DE ACCESO ADICIONAL DE MATERIA--TÉRMINO DE MATERIA
Término de materia o nombre geográfico como elemento de entrada Comunismo
Fuente del encabezamiento o término embne
9 (RLIN) 11211
700 1# - ENTRADA AGREGADA--NOMBRE PERSONAL
Nombre de persona Carton de Wiart, Henry (
Fechas asociadas al nombre 1869-1951)
9 (RLIN) 35905
830 0# - PUNTO DE ACCESO ADICIONAL DE SERIE-TÍTULO UNIFORME
Título uniforme Razonemos nuestra fé. Serie II ;
Designación de volumen o secuencia 1
9 (RLIN) 184062
852 ## - LOCALIZACIÓN
Ubicación ES-MaACL
Número de control de estantería D-9118
Sublocalización o colección R.34040
Holdings
Estatus retirado Estado de pérdida Estado de daño No para préstamo Biblioteca de origen Biblioteca actual Ubicación en estantería Fecha de adquisición Fuente de adquisición Total de préstamos Signatura topográfica completa Código de barras Visto por última vez Precio de reemplazo Tipo de ítem Koha
        Biblioteca del Ateneo de Madrid Biblioteca del Ateneo de Madrid Sala Valle Inclán 17/01/2008     D-9118 901068216 23/02/2023 23/02/2023 Libro impreso